000 00193nam a2200085 4500
001 1257130
005 20260202132134.0
245 _aPERİLİ KÖŞK
_cÖMER SEYFETTİN
260 _bAKVARYUM YAYINLARI
999 _c1257130
_d1257130